Don Quixote or the critique of reading /
Bewaard in:
| Hoofdauteur: | |
|---|---|
| Formaat: | Onbekend |
| Gepubliceerd in: |
[Lugar de publicación no identificados] :
Institute of Latin American Studies,
1976.
|
| Reeks: | (Hadkett Memorial Lecture ;
1975) |
| Onderwerpen: | |
| Tags: |
Voeg label toe
Geen labels, Wees de eerste die dit record labelt!
|
MARC
| LEADER | 000000000a22000000004500 | ||
|---|---|---|---|
| 001 | 002865 | ||
| 082 | 0 | 4 | |a 863.3 |b F954d |
| 100 | 1 | |a Fuentes Macías, Carlos, |d 1928-2012 | |
| 245 | 1 | 0 | |a Don Quixote or the critique of reading / |c Carlos Fuentes Macías. |
| 260 | 1 | 0 | |a [Lugar de publicación no identificados] : |b Institute of Latin American Studies, |c 1976. |
| 300 | |a 53 páginas ; |c 23 cm. | ||
| 490 | 1 | |a (Hadkett Memorial Lecture ; |v 1975) | |
| 650 | 4 | |a DON QUIJOTE | |
| 650 | 4 | |a CERVANTES SAAVEDRA, MIGUEL DE, (1547-1616) | |
| 650 | 4 | |a CRISTIANISMO E INTERPRETACION | |
| 999 | |c 9207 |d 9207 | ||
| 942 | |c BK |h 863.3 F954d |2 z | ||
